00740nam a2200205 a 4500001001000000003000900010005001700019007000300036008004100039020001500080040002500095082002200120100003900142245016800181260004300349300002800392500006400420650001300484700003700497000003637DO-SdBNP20250211114738.0ta090711s2003 dr a r 000 0 spa d a9993462101 aDO-SdBNPbspacBNPHU 4a306.85bR789f2221 aRosario Martínez, Danilo,d1965-13aLa familia :breconstrucción y fortalecimiento. Chistes populares. Recopilación /cDanilo Rosario Martínezm ; presentación Nicolás Rodríguez Ramírez. aSanto Domingo :bUniversitaria,c2003. a109 p. :bil. ;c21 cm. aIncluye datos biográficos del autor en la contracubierta. 0aFamilias1 aRodríguez Ramírez, Nicolás